000 00335nam a2200133Ia 4500
008 240624s9999 xx 000 0 und d
041 _aeng
082 _a374.8 GUL
100 _aGULHATI SHASHI K
245 _aIITS SLUMPING OR SOARING
260 _c2007
_aNew Delhi
_bMacmillan
300 _axii, : 133 : p. : cm. ; 21
365 _cRS
_b35
999 _c8015
_d8015